[Event "12. KUP SS OBZ"]
[Site "Valpovo"]
[Date "2019.02.17"]
[Round "5.5"]
[White "Ascic, Josipa"]
[Black "Macanga, Branko"]
[Result "1-0"]
[WhiteElo "1671"]
[BlackElo "1777"]
[PlyCount "89"]
[EventDate "2019.02.15"]
[WhiteTeam "ŠK ĐAKOVO LIM MONT III, Đakovo"]
[BlackTeam "ŠK ĐAKOVO LIM MONT II, Đakovo"]

1. d4 Nf6 2. Nf3 d6 3. Bf4 g6 4. e3 Bg7 5. h3 O-O 6. Bd3 Nbd7 7. Nbd2 a6 8. c3
b5 9. a4 bxa4 10. Rxa4 c5 11. Qa1 Qb6 12. Nc4 Qb7 13. O-O d5 14. Nce5 Nb6 15.
Ra5 c4 16. Bc2 Nh5 17. Bh2 f6 18. Ng4 Nd7 19. Rb1 Qc6 20. b3 Bb7 21. bxc4 dxc4
22. Rb4 e5 23. Qf1 Qc7 24. Qxc4+ Qxc4 25. Rxc4 Rfc8 26. Rxc8+ Rxc8 27. Bb3+ Kf8
28. c4 Bxf3 29. gxf3 exd4 30. Bd6+ Ke8 31. exd4 f5 32. Ne5 Nxe5 33. dxe5 Nf4
34. Rxa6 Bf8 35. Ba4+ Kf7 36. Ra7+ Kg8 37. c5 Nxh3+ 38. Kh2 Ng5 39. Kg3 h5 40.
Bd7 Bxd6 41. cxd6 Rd8 42. e6 h4+ 43. Kxh4 Nxf3+ 44. Kg3 Ng5 45. f3 1-0

[Event "12. KUP SS OBZ"]
[Site "Valpovo"]
[Date "2019.02.17"]
[Round "5.5"]
[White "Perci, Franjo"]
[Black "Grozdanic, Dario"]
[Result "1-0"]
[WhiteElo "1663"]
[BlackElo "1533"]
[PlyCount "71"]
[EventDate "2019.02.15"]
[WhiteTeam "ŠK ĐAKOVO LIM MONT II, Đakovo"]
[BlackTeam "ŠK ĐAKOVO LIM MONT III, Đakovo"]

1. e4 g6 2. d4 e6 3. Be3 d6 4. c4 Bg7 5. Nc3 Nd7 6. Qd2 Ne7 7. h4 e5 8. d5 Nf6
9. Be2 h5 10. O-O-O Neg8 11. f4 Ng4 12. Bxg4 Bxg4 13. Rf1 f5 14. Nf3 Bxf3 15.
Rxf3 Nh6 16. fxe5 dxe5 17. exf5 Nxf5 18. Bg5 Qd7 19. Ne4 O-O 20. Nc5 Qd6 21.
Ne6 Rf7 22. Nxg7 Kxg7 23. Rhf1 Rd7 24. Qc3 Re8 25. Be3 a6 26. Rxf5 gxf5 27.
Rxf5 Rf7 28. Rxh5 Rf1+ 29. Kd2 c6 30. Qd3 Qb4+ 31. Kc2 Qa4+ 32. Kc3 Rc1+ 33.
Bxc1 Qa5+ 34. b4 Qxa2 35. Qh7+ Kf8 36. Bh6# 1-0